Cargando…

Meeting China Halfway : How to Defuse the Emerging US-China Rivalry /

China's expanding economic and military power, and the US response to the challenge of China's rise are shaping international relations in the twenty-first century. A breakdown in this relationship could bring about a situation reminiscent of the Cold War. Lyle Goldstein argues that while...

Descripción completa

Detalles Bibliográficos
Autor principal: Goldstein, Lyle (Autor)
Formato: Electrónico eBook
Idioma:Inglés
Publicado: Washington, DC : Georgetown University Press, [2015]
Colección:Book collections on Project MUSE.
Temas:
Acceso en línea:Texto completo

MARC

LEADER 00000cam a22000004a 4500
001 musev2_39628
003 MdBmJHUP
005 20230905044146.0
006 m o d
007 cr||||||||nn|n
008 140729s2015 dcu o 00 0 eng d
010 |z  2019716253 
020 |a 9781626161627 
020 |z 9781626161603 
020 |z 9781626166349 
035 |a (OCoLC)906699096 
040 |a MdBmJHUP  |c MdBmJHUP 
100 1 |a Goldstein, Lyle,  |e author. 
245 1 0 |a Meeting China Halfway :   |b How to Defuse the Emerging US-China Rivalry /   |c Lyle J. Goldstein. 
264 1 |a Washington, DC :  |b Georgetown University Press,  |c [2015] 
264 3 |a Baltimore, Md. :  |b Project MUSE,   |c 2015 
264 4 |c ©[2015] 
300 |a 1 online resource (400 pages). 
336 |a text  |b txt  |2 rdacontent 
337 |a computer  |b c  |2 rdamedia 
338 |a online resource  |b cr  |2 rdacarrier 
505 0 |a Introduction -- Bad blood : the legacy of history for US-China relations -- Imagine : the Taiwan question and US-China relations -- Mutually assured dependence : economic aspects of US-China relations -- Toxic embrace : the environment and US-China relations -- South-south "pivot" : the developing world and US-China relations -- Persian spring : the Middle East and US-China relations -- Bipolarity reconsidered : the Korean peninsula and US-China relations -- Lodestone : Japan and US-China relations -- The new Fulda gap : Southeast Asia and US-China relations -- Alter ego : India and US-China relations -- Conclusion : rebalancing the rebalance : mitigating tendencies toward strategic rivalry in US-China relations. 
520 |a China's expanding economic and military power, and the US response to the challenge of China's rise are shaping international relations in the twenty-first century. A breakdown in this relationship could bring about a situation reminiscent of the Cold War. Lyle Goldstein argues that while conflict is not predetermined, there are worrying signs that the relationship is becoming an increasingly chilly and dangerous rivalry. The main purposes of this book are to analyze the trajectory of the relationship, to examine both US views and Chinese views of the other, and to propose concrete steps to reverse a perilous deterioration in the relationship. He examines key flash points or difficult issues in the US-China relationship in depth, such as Taiwan, the Korean Peninsula, Japan, economic issues, and climate change, to name a few. A unique feature of the book is that Goldstein's language skills allowed him to incorporate Chinese military and diplomatic publications to a degree that few in the West have been able to in the past. Goldstein is under no illusions that compromise is easy, but he calls for both the US and China to take steps to seek an accommodation of interests in the Pacific and globally to avoid a dangerous strategic rivalry. 
588 |a Description based on print version record. 
651 7 |a United States.  |2 fast  |0 (OCoLC)fst01204155 
651 7 |a China.  |2 fast  |0 (OCoLC)fst01206073 
651 6 |a États-Unis  |x Relations militaires  |z Chine. 
651 6 |a Chine  |x Relations exterieures  |z États-Unis. 
651 6 |a États-Unis  |x Relations exterieures  |z Chine. 
651 0 |a China  |x Foreign economic relations  |z United States. 
651 0 |a United States  |x Foreign economic relations  |z China. 
651 0 |a China  |x Military relations  |z United States. 
651 0 |a United States  |x Military relations  |z China. 
651 0 |a China  |x Foreign relations  |z United States. 
651 0 |a United States  |x Foreign relations  |z China. 
650 7 |a Internationell ekonomi.  |2 sao 
650 7 |a Militära förbindelser.  |2 sao 
650 7 |a Internationella relationer.  |2 sao 
650 7 |a Military relations.  |2 fast  |0 (OCoLC)fst01353799 
650 7 |a International economic relations.  |2 fast  |0 (OCoLC)fst00976891 
650 7 |a Diplomatic relations.  |2 fast  |0 (OCoLC)fst01907412 
650 7 |a POLITICAL SCIENCE  |x Security (National & International)  |2 bisacsh 
650 7 |a POLITICAL SCIENCE  |x International Relations  |x General.  |2 bisacsh 
650 7 |a POLITICAL SCIENCE  |x Government  |x International.  |2 bisacsh 
655 7 |a Electronic books.   |2 local 
710 2 |a Project Muse.  |e distributor 
830 0 |a Book collections on Project MUSE. 
856 4 0 |z Texto completo  |u https://projectmuse.uam.elogim.com/book/39628/ 
945 |a Project MUSE - Custom Collection 
945 |a Project MUSE - 2015 Complete 
945 |a Project MUSE - 2015 Political Science and Policy Studies